00693nam a2200205 a 450000100100000000500170001000800410002702000150006804000250008310000330010824500460014125000120018726000350019930000210023449000170025550000630027283000240033595201110035999900170047000004028620201002034031.0130821s2006 sp 000 0 spa d a8434852861 aDO-SdBNPbspacBNPHU1 aSierra i Fabra, Jordi96656410aCampos de fresas /cJordi Sierra i Fabra. a26a ed. aMadrid :bEdiciones SM,c2006. a143 p. ;c22 cm.1 aGran Angular aIncluye datos biográficos del autor en la contracubierta 0aGran Angular926464 001054708MOaGRbGRcCTd2013-08-21iLF1l0o p40286-10r2020-06-25w2020-06-25y4ZPréstamo en sala c39776d39776